00736nam a2200205Ia 4500001000700000003000500007008004100012010001100053040000900064100003600073245015800109260004100267300001000308502007600318650002100394650003600415650003400451650001400485650003100499Z_2308CHAP220113s1993 xx 000 0 und d a165365 cCHAP aMena Enríquez, Edgar Epifanio aEfecto de dos niveles de suplementación con zinc sobre la incidencia de mastitis subclínica en vacas lecheras /cpor Edgar Epifanio Mena Enríquez aChapingo, Méx. :bEl autor,c1993 a73 h. aTesis (Ing. Agr. Esp. en Zootecnia) -- UACH. Departamento de Zootecnia aGanado Holstein  aGanado lecheroxAlimentación  aGanado lecheroxEnfermedades  aMastitis  aZinc en nutrición animal